| 000 | 00580nam a2200181Ia 4500 | ||
|---|---|---|---|
| 001 | 9314 | ||
| 005 | 20260306161709.0 | ||
| 008 | 260306t2001||||xx |||||||||||||| ||spa|| | ||
| 041 | _aESP | ||
| 082 |
_a378.1 _bI436-4 |
||
| 100 |
_aInstituto de investigación y fomento de la modernización y acreditación universitaria (IFOMACU) _eAUT |
||
| 245 | 0 |
_aCarreras universitarias: _bPerfiles y campos de acción de las carreras profesionales de 40 universidades |
|
| 260 | _c2001 | ||
| 300 |
_a488 páginas : _c20 cm. |
||
| 650 | _aGEN | ||
| 654 | _aCED | ||
| 942 |
_cLIB _dJUS _fJUS _2ddc _n |
||
| 999 |
_c9314 _d9314 |
||